Normal view
MARC view
- Dr. Muhammad Afzaal Malik.
Entry Personal Name
001 - CONTROL NUMBER
- control field: 18651
003 - CONTROL NUMBER IDENTIFIER
- control field: NUST
005 - DATE AND TIME OF LATEST TRANSACTION
- control field: 20190726100618.0
008 - FIXED-LENGTH DATA ELEMENTS
- fixed length control field: 190726|| aca||aabn | a|a d
040 ## - CATALOGING SOURCE
- Original cataloging agency: NUST
- Transcribing agency: NUST
100 ## - HEADING--PERSONAL NAME
- Personal name: Dr. Muhammad Afzaal Malik.
670 ## - SOURCE DATA FOUND
- Source citation: Work cat.: (NUST): Qasim, Syed Adnan 18649, MODELING REALISTIC PISTON SKIRTS & 1st COMPRESSION RING EHL IN THE INITIAL ENGINE START UP /, 2013.
